000 00705nam a2200289Ia 4500
005 20260324113135.0
008 008 260324s9999 xx 000 0 eng d
020 _a9781003544128
037 _aEBOOK
040 _aCRL
040 _beng
040 _cCRL
041 _2eng
041 _aeng
084 _qCRL
100 _aBohang Chen
_91137252
245 0 _aTransforming Philosophy in the Early Twentieth Century
245 2 _bA Historico-Critical Investigation
260 _bTaylor and Francis
260 _c2024
365 _a
365 _b220
856 _uhttp://www.taylorfrancis.com/books/9781003544128
942 _cEBOOK
999 _c1735077
_d1735077